10k+ First-Level Subdivisions of Oceania on a Map - Statistics

General Stats
  • This quiz has been taken 21 times
  • The average score is 51 of 91
Answers on the Map
Answers color-coded by a green-red scale on the quiz's map according to % correct below.
 
Answer Stats
Country Type Subdivision % Correct
Fiji 2017 C Region Northern
100%
Australia 2024 E Territory Northern Territory
100%
New Zealand 2022 E Region Northland
100%
Papua New Guinea 2011 C Province Oro
100%
Australia 2024 E State South Australia
100%
New Zealand 2022 E Region Southland
100%
Fiji 2017 C Region Western
100%
Papua New Guinea 2011 C Province Western
100%
Solomon Islands 2019 C Province Western
100%
Australia 2024 E State Western Australia
100%
United States 2020 C State Hawaii
94%
Australia 2024 E State New South Wales
94%
New Zealand 2022 E Region Greater Wellington
89%
Australia State Queensland
89%
New Zealand 2022 E Region Tasman
89%
Australia 2024 E State Tasmania
89%
Australia 2024 E State Victoria
89%
New Zealand 2022 E Region Auckland
83%
Fiji 2017 C Region Eastern
83%
United States 2020 C Territory Guam
83%
Papua New Guinea 2011 C District National Capital District
83%
France 2019 C Sui Generis Collectivity New Caledonia
83%
United States 2020 C Territory American Samoa
78%
France 2022 C Collectivity French Polynesia
78%
Fiji 2017 C Region Central
72%
Papua New Guinea 2011 C Province Central
72%
Solomon Islands 2019 C Province Central
72%
Marshall Islands 2021 C Municipality Majuro
72%
United States 2020 C Territory Northern Mariana Islands
72%
France 2023 C Collectivity Wallis and Futuna
72%
Australia 2024 E Territory Australian Capital Territory
67%
Papua New Guinea 2011 C Region Bougainville
67%
Solomon Islands 2019 C Territory Capital Territory
67%
Indonesia 2024 E Province Papua
67%
Indonesia 2024 E Province Central Papua
61%
Indonesia 2024 E Province South Papua
61%
Indonesia 2024 E Province West Papua
61%
Federated States of Micronesia 2010 C State Yap
61%
New Zealand 2022 E Region Canterbury
56%
Papua New Guinea 2011 C Province New Ireland
56%
Federated States of Micronesia 2010 C State Chuuk
50%
Papua New Guinea 2011 C Province East New Britain
50%
Solomon Islands 2019 C Province Guadalcanal
50%
Indonesia 2024 E Province Highland Papua
50%
Palau 2020 C State Koror
50%
New Zealand 2022 E Region Otago
50%
Indonesia 2024 E Province Southwest Papua
50%
Kiribati 2020 C Council Teinainano
50%
New Zealand 2022 E Region Waikato
50%
Papua New Guinea 2011 C Province West New Britain
50%
New Zealand 2022 E Region Bay of Plenty
44%
New Zealand 2022 E Region Gisborne
44%
New Zealand 2022 E Region Manawatū-Whanganui
44%
New Zealand 2022 E Region Marlborough
44%
New Zealand 2022 E Region Nelson
44%
Federated States of Micronesia 2010 C State Pohnpei
44%
New Zealand 2022 E Region Taranaki
44%
New Zealand 2022 E Region West Coast
44%
Solomon Islands 2019 C Province Choiseul
39%
New Zealand 2022 E Region Hawke's Bay
39%
Papua New Guinea 2011 C Province Southern Highlands
39%
Tonga 2021 C Division Tongatapu
39%
Samoa 2021 C District Aʻana
33%
Papua New Guinea 2011 C Province Eastern Highlands
33%
Papua New Guinea 2011 C Province Gulf
33%
Papua New Guinea 2011 C Province Madang
33%
Papua New Guinea 2011 C Province Manus
33%
Papua New Guinea 2011 C Province Milne Bay
33%
Papua New Guinea 2011 C Province Morobe
33%
Papua New Guinea 2011 C Province Sandaun
33%
Vanuatu 2020 C Province Sanma
33%
Vanuatu 2020 C Province Tafea
33%
Papua New Guinea 2011 C Province Western Highlands
33%
Samoa 2021 C District Atua
28%
Kiribati 2020 C Council Betio
28%
Papua New Guinea 2011 C Province Chimbu
28%
Papua New Guinea 2011 C Province East Sepik
28%
Papua New Guinea 2011 C Province Enga
28%
Samoa 2021 C District Faʻasaleleaga
28%
Papua New Guinea 2011 C Province Hela
28%
Papua New Guinea 2011 C Province Jiwaka
28%
Vanuatu 2020 C Province Malampa
28%
Vanuatu 2020 C Province Penama
28%
Vanuatu 2020 C Province Shefa
28%
Solomon Islands 2019 C Province Temotu
28%
Vanuatu 2020 C Province Torba
28%
Tonga 2021 C Division Vavaʻu
28%
Solomon Islands 2019 C Province Isabel
22%
Solomon Islands 2019 C Province Makira-Ulawa
22%
Solomon Islands 2019 C Province Malaita
22%
Samoa 2021 C District Tuamasaga
22%
No matching quizzes found
Score Distribution
Percent of People with Each Score
Percentile by Number Answered
Your Score History
You have not taken this quiz